header

ABC of skin cancer (Record no. 61521)

MARC details
000 -LEADER
fixed length control field 01160nam a22003014a 4500
082 04 - DEWEY DECIMAL CLASSIFICATION NUMBER
Classification number 616.99/477
245 00 - TITLE STATEMENT
Title ABC of skin cancer
260 ## - PUBLICATION, DISTRIBUTION, ETC. (IMPRINT)
Place of publication Malden, Mass. :
Name of publisher Blackwell Pub.,
Year of publication c2008.
300 ## - PHYSICAL DESCRIPTION
Number of Pages ix, 65 p. :
Other physical details col. ill.
650 #0 - SUBJECT ADDED ENTRY--TOPICAL TERM
Topical Term Skin
700 1# - ADDED ENTRY--PERSONAL NAME
Personal name Rajpar, Sajjad.
Personal name Marsden, Jerry
856 40 - ELECTRONIC LOCATION AND ACCESS
Uniform Resource Identifier http://site.ebrary.com/lib/rucke/Doc?id=10308348

No items available.

© 2026 Rongo University
Contact us: librarian | system librarian | Rongo university